000 00785cab a2200265 4500
001 ABS52458
008 090401t1995 xxu||||| |||| 00| 0 eng d
035 _a(Sirsi) u79480
041 _aeng
100 _aGobel, J.
245 _aNew police standards for closed-circuit surveillance
260 _c1995
350 _a0
490 _aProperty Week
_v50(9) 2 March 1995, 30(1)
520 _aReports on advice from the Police Scientific Development Branch on effective use of CCTV.
650 _aCCTV
650 _aCLOSED-CIRCUIT TELEVISION
650 _aPOLICE SCIENTIFIC DEVELOPMENT BRANCH
650 _aProperty management
_96262
650 _aSECURITY
650 _aSHOPPING CENTRES
690 _aCOMMERCIAL PROPERTY-MANAGEMENT
942 _n0
948 _c04/03/1997
999 _c49972
_d49972